<?xml version="1.0" encoding="UTF-8"?>
<record
    xmlns:xsi="http://www.w3.org/2001/XMLSchema-instance"
    xsi:schemaLocation="http://www.loc.gov/MARC21/slim http://www.loc.gov/standards/marcxml/schema/MARC21slim.xsd"
    xmlns="http://www.loc.gov/MARC21/slim">

  <leader>00588cam a22002171  4500</leader>
  <controlfield tag="001">ne 68002970 </controlfield>
  <controlfield tag="003">DLC</controlfield>
  <controlfield tag="005">20260227111845.0</controlfield>
  <controlfield tag="008">880803s1966    le            000 1 arar </controlfield>
  <datafield tag="010" ind1=" " ind2=" ">
    <subfield code="a">ne 68002970 </subfield>
  </datafield>
  <datafield tag="035" ind1=" " ind2=" ">
    <subfield code="a">(OCoLC)18306604</subfield>
  </datafield>
  <datafield tag="040" ind1=" " ind2=" ">
    <subfield code="a">DLC</subfield>
    <subfield code="c">WaU</subfield>
    <subfield code="d">DLC</subfield>
  </datafield>
  <datafield tag="042" ind1=" " ind2=" ">
    <subfield code="a">premarc</subfield>
  </datafield>
  <datafield tag="050" ind1="0" ind2="0">
    <subfield code="a">PJ7852.A5</subfield>
    <subfield code="b">K3 1966</subfield>
  </datafield>
  <datafield tag="100" ind1="1" ind2=" ">
    <subfield code="a">Nu&#x2BB;aymah, M&#x12B;kh&#x101;&#x2BC;&#x12B;l,</subfield>
    <subfield code="d">1889-</subfield>
  </datafield>
  <datafield tag="245" ind1="1" ind2="0">
    <subfield code="a">K&#x101;na m&#x101; k&#x101;n.</subfield>
    <subfield code="c">[Ta&#x2BC;l&#x12B;f] Mikh&#x101;&#x2BC;&#x12B;l Nu&#x2BB;aymah.</subfield>
  </datafield>
  <datafield tag="250" ind1=" " ind2=" ">
    <subfield code="a">al-&#x1E6C;ab&#x2BB;ah al-s&#x101;bi&#x2BB;ah.</subfield>
  </datafield>
  <datafield tag="260" ind1=" " ind2=" ">
    <subfield code="a">Bayr&#x16B;t,</subfield>
    <subfield code="b">D&#x101;r &#x1E62;&#x101;dir,</subfield>
    <subfield code="c">1966.</subfield>
  </datafield>
  <datafield tag="300" ind1=" " ind2=" ">
    <subfield code="a">125 p.</subfield>
  </datafield>
  <datafield tag="500" ind1=" " ind2=" ">
    <subfield code="a">Short stories.</subfield>
  </datafield>
  <datafield tag="999" ind1=" " ind2=" ">
    <subfield code="c">50639</subfield>
    <subfield code="d">50639</subfield>
  </datafield>
</record>
